LEADER 01413nam a2200325 a 4500 001 000000140865 003 CaOOAMICUS 005 20141212110047.0 008 141211s2009 nyu u000 u eng r 020 $z9780300141160* 040 $aPUL$bita 041 1 $aeng$hheb 130 0 $aBiblia.$pN.T.$pMarcus.$lInglese.$0(OLS)http://pul/title/158580 245 10$aMark 8-16 :$ba new translation with introduction and commentary /$cJoel Marcus. 260 $aNew Haven and London :$bYale University press,$c©2009. 300 $alx, 573-1182 p. ;$c24 cm 490 1 $aAnchor Yale Bible ;$v27A 500 $aInclude indice. 500 $aLa numerazione delle p. prosegue dal v. "Mark 1-8". 504 $aInclude bibliografia. 630 04$aBiblia.$pN.T.$pMarcus$xCritica e interpretazione.$0(OLS)http://pul/subject/37840 700 1 $aMarcus, Joel.$0(OLS)http://pul/name/48671 830 0$aAnchor Yale Bible ;$v27A.$0(OLS)http://pul/title/155114 850 $aPUL 852 $aPUL$W1$xSL Religione 1$y3$m1(6) G 27A$j162638$qStampati$B162256$CPULBib$Z2$F162256 $H125120 $82 941 1 $a8 996 $6020$z9780300141160*$9(OLS)http://pul/number/156492 996 $6245$aMark 8-16 :$ba new translation with introduction and commentary$9(OLS)http://pul/title/178256 996 $6260$aNew Haven and London :$bYale University press$9(OLS)http://pul/publisher/75529 LEADER 01398nam a2200265 a 4500 001 000000116270 003 CaOOAMICUS 005 20090617123153.0 008 090617s2009 it 000 0 ita r 020 $z978-88-343-1822-5* 040 $aPUL$bita$dLDB 100 1 $aTrabattoni, Franco.$0(OLS)http://pul/name/69856 245 10$aAttualitą di Platone :$bstudi sui rapporti fra Platone e Rorty, Heidegger, Gadamer, Derrida, Cassirer, Strauss, Nussbaum e Paci /$cFranco Trabattoni. 260 $aMilano :$bVita e pensiero,$cc2009. 300 $a234 p. ;$c22 cm 490 1 $aTemi metafisici e problemi del pensiero antico.$aStudi e testi ;$v114 504 $aBibliografia in nota. 600 04$aPlato,$d427-347 a.C.$xInflusso$ySec. XX.$0(OLS)http://pul/subject/35507 830 0$aTemi metafisici e problemi del pensiero antico.$pStudi e testi ;$v114.$0(OLS)http://pul/title/98294 850 $aPUL 852 $aPUL$W1$xSL Filosofia 2$y80$mPhil A10b 114$j133231$qStampati Altre Collocazioni$B132257$CPULBib$Z2$F132257 $H110887 $82 941 1 $a10 996 $6020$z978-88-343-1822-5*$9(OLS)http://pul/number/141179 996 $6245$aAttualitą di Platone :$bstudi sui rapporti fra Platone e Rorty, Heidegger, Gadamer, Derrida, Cassirer, Strauss, Nussbaum e Paci$9(OLS)http://pul/title/146116 996 $6260$aMilano :$bVita e pensiero$9(OLS)http://pul/publisher/48016